000 00724nam a2200253Ia 4500
003 OSt
005 20220925180738.0
006 a|||||r|||| 00| 0
007 ta
008 220923b |||||||| |||| 00| 0 eng d
020 _a0745619215
037 _cGeneral Book
040 _aRTL
_cRTL
_beng
041 _2eng
_aeng
082 _aY15:4251, P1
100 _aOneille Maggie
_9251954
245 0 _aProstitution and feminism
_b Towards a politics of feeling
260 _aCambridge
_bPolity Press
_c2001
300 _avii, 228p
_ccm.
500 _aBibliography: P 201-216
650 _aProstitution
_9251955
942 _hY15:4251, P1
_cGB
_2CC
999 _c497418
_d497418